000
00200 a2200097 4500
001
41104
100
_a
Tuchman, B
245
_a
August, 1914
260
_a
London
_b
Constable
_c
090
_c
25334
_d
25334
942
_a
NUST-CAE
_c
M
_c
17041
999
_c
276177
_d
276177